000 02455ncm1a2200361 4500
001 RU\NLR\ONIZ\304936
005 20251123114055.0
035 _a(NLR Aleph) 022668526
090 _a13467925
_c13467925
100 _a20251123 rusy50
101 0 _arus
102 _aRU
145 0 _ac
200 1 _aАнтология фольклора Брянской области
_bНоты
203 _aМузыка
_bзнаковая
_bвизуальная
_cнепосредственная
210 _aБрянск
_c[б. и.]
_d2004-
215 _cИл., фото
_d29 см
313 _aСистематизация документа проведена по изданию - Методика классифицирования музыкальных произведений (нотных изданий) по таблицам Библиотечно-библиографических классификаций : метод. рекомендации / Гос. б-ка СССР им. В.И. Ленина.- М., 1977. Индексу ББК методических рекомендаций присваивается код ББК для научных библиотек - LBC/SL
606 1 _aФольклор Брянской области
_jЗвукозапись
_jДокументы и материалы
_jНоты
_2nlr_sh
606 1 _aФольклор вокальный
_yРоссия
_yБрянская область
_jЗвукозапись
_jДокументы и материалы
_jНоты
_2nlr_sh
606 1 _aФольклор инструментальный
_yРоссия
_yБрянская область
_jЗвукозапись
_jДокументы и материалы
_jНоты
_2nlr_sh
686 0 _aЩ92(2Р=Р)-4 (Брянская область)
686 0 _aЩ92(2Р=Р)-5 (Брянская область)
712 0 2 _aМосковская государственная консерватория, Научный центр народной музыки имени К. В. Квитки
_4570
_7ba
712 0 2 _aДепартамент культуры Брянской области
_4570
_7ba
712 0 2 _aБрянский областной методический центр "Народное творчество"
_4570
_7ba
801 0 _aRU
_bNLR
_c20241017
_gPSBO
801 1 _aRU
_bNLR
_c20241017
_2rusmarc
801 2 _aRU
_bNLR
_c20251117
942 _cSCORE
980 _aONIZ
980 _aNB